Projective geometries over finite fields
Saved in:
| Main Author: | |
|---|---|
| Format: | Book |
| Language: | English |
| Published: |
Oxford
Clarendon Press
1979
|
| Series: | Oxford Mathematical Monographs
|
| Subjects: | |
| Tags: |
Add Tag
No Tags, Be the first to tag this record!
|
MARC
| LEADER | 00000nam a2200000 a 4500 | ||
|---|---|---|---|
| 001 | UCP0798 | ||
| 003 | CL-VaPUC | ||
| 008 | 990319e19790000UK |||||||||||||||||eng|d | ||
| 082 | 0 | 4 | |a 516.5 |b HIR |2 21 |
| 100 | |a Hirschfeld, J. W. P |e author |9 619536 | ||
| 245 | 1 | 0 | |a Projective geometries over finite fields |
| 300 | |a 474 p | ||
| 942 | |c BK | ||
| 945 | |d 19990319 00:00:00 |a crobeson | ||
| 260 | |a Oxford |b Clarendon Press |c 1979 | ||
| 650 | 0 | |a Geometría proyectiva |9 262638 | |
| 650 | 7 | |a CAMPOS MODULARES |2 CL-VaPUC |9 426351 | |
| 650 | 7 | |a CUERPOS FINITOS |2 CL-VaPUC |9 426352 | |
| 650 | 7 | |a ESPACIOS PROYECTIVOS |2 CL-VaPUC |9 425224 | |
| 583 | |a last modification |c 19990319 00:00:00 |k Rodrigo Vera | ||
| 490 | 0 | |a Oxford Mathematical Monographs | |
| 999 | |c 279543 |d 279541 | ||
| 952 | |0 0 |1 0 |4 0 |6 516_500000000000000_HIR_1979 |7 0 |8 A |9 319106 |a BIBMAT |b BIBMAT |d 2019-11-20 |i 1330543 |o 516.5 HIR 1979 |p 1330543 |r 2025-01-07 |w 2019-11-20 |y BK |k MAT | ||